Research methodology (Record no. 224493)
[ view plain ]
| 000 -LEADER | |
|---|---|
| fixed length control field | 00516nam a22001937a 4500 |
| 005 - DATE AND TIME OF LATEST TRANSACTION | |
| control field | 20230519052019.0 |
| 008 - FIXED-LENGTH DATA ELEMENTS--GENERAL INFORMATION | |
| fixed length control field | 220830b ||||| |||| 00| 0 eng d |
| 020 ## - INTERNATIONAL STANDARD BOOK NUMBER | |
| International Standard Book Number | 9788173280363 |
| 040 ## - CATALOGING SOURCE | |
| Transcribing agency | AL |
| 041 ## - LANGUAGE CODE | |
| Language code of text/sound track or separate title | eng |
| 082 ## - DEWEY DECIMAL CLASSIFICATION NUMBER | |
| Edition number | 23 |
| Classification number | 001.42 |
| Item number | KOTR |
| 100 ## - MAIN ENTRY--PERSONAL NAME | |
| Personal name | Kothari C R |
| 9 (RLIN) | 56151 |
| 245 ## - TITLE STATEMENT | |
| Title | Research methodology |
| Remainder of title | Methods and techniques |
| 260 ## - PUBLICATION, DISTRIBUTION, ETC. | |
| Place of publication, distribution, etc. | New Delhi |
| Name of publisher, distributor, etc. | Wishwa Prakashan |
| Date of publication, distribution, etc. | 2001 |
| 300 ## - PHYSICAL DESCRIPTION | |
| Extent | xii,467p. |
| Other physical details | HB |
| Dimensions | 20.9X13.8cm. |
| 365 ## - TRADE PRICE | |
| Source of price type code | General |
| 650 ## - SUBJECT ADDED ENTRY--TOPICAL TERM | |
| Source of heading or term | Research methodology |
| 942 ## - ADDED ENTRY ELEMENTS (KOHA) | |
| Source of classification or shelving scheme | Dewey Decimal Classification |
| Koha item type | Book |
| Withdrawn status | Lost status | Source of classification or shelving scheme | Damaged status | Not for loan | Collection code | Home library | Current library | Date acquired | Total Checkouts | Full call number | Barcode | Date last seen | Date last checked out | Koha item type |
|---|---|---|---|---|---|---|---|---|---|---|---|---|---|---|
| Dewey Decimal Classification | General | St Aloysius PG Library | St Aloysius PG Library | 02/12/2002 | 2 | 001.42 KOTR | PG019036 | 05/30/2023 | 05/25/2023 | Book |